<?xml version="1.0" encoding="UTF-8"?><?xml-stylesheet type="text/xsl" href="static/style.xsl"?><OAI-PMH xmlns="http://www.openarchives.org/OAI/2.0/" xmlns:xsi="http://www.w3.org/2001/XMLSchema-instance" xsi:schemaLocation="http://www.openarchives.org/OAI/2.0/ http://www.openarchives.org/OAI/2.0/OAI-PMH.xsd"><responseDate>2026-04-14T17:28:01Z</responseDate><request verb="GetRecord" identifier="oai:uvadoc.uva.es:10324/57710" metadataPrefix="marc">https://uvadoc.uva.es/oai/request</request><GetRecord><record><header><identifier>oai:uvadoc.uva.es:10324/57710</identifier><datestamp>2023-03-13T11:08:16Z</datestamp><setSpec>com_10324_38</setSpec><setSpec>col_10324_852</setSpec></header><metadata><record xmlns="http://www.loc.gov/MARC21/slim" xmlns:doc="http://www.lyncode.com/xoai" xmlns:xsi="http://www.w3.org/2001/XMLSchema-instance" xmlns:dcterms="http://purl.org/dc/terms/" xsi:schemaLocation="http://www.loc.gov/MARC21/slim http://www.loc.gov/standards/marcxml/schema/MARC21slim.xsd">
<leader>00925njm 22002777a 4500</leader>
<datafield tag="042" ind1=" " ind2=" ">
<subfield code="a">dc</subfield>
</datafield>
<datafield tag="720" ind1=" " ind2=" ">
<subfield code="a">Callejo Negro, Andrea</subfield>
<subfield code="e">author</subfield>
</datafield>
<datafield tag="260" ind1=" " ind2=" ">
<subfield code="c">2022</subfield>
</datafield>
<datafield tag="520" ind1=" " ind2=" ">
<subfield code="a">Actualmente, la metodología que destaca en la etapa de Educación Infantil, es el&#xd;
Aprendizaje Basado en Proyectos (ABP), donde el alumnado aprende a través de un tema principal de interés para él, apoyándose de actividades, tareas y juegos, que fomenten el aprendizaje significativo. En relación a este, las actividades experimentales son una propuesta atractiva para introducir en el aula, dado que se basan en la experimentación propia del alumnado. Por tanto, en este Trabajo de Fin de Grado (TFG) se muestra una revisión bibliográfica que incluye las ciencias en la educación y más concretamente, las ciencias en Educación Infantil, incluyendo las actividades experimentales y sus diversas características, además de los colores, como temática motivadora y rica sobre la que experimentar. Basándose en este estudio se expone un proyecto que se aproveche como recurso educativo para el aprendizaje de diversos procesos naturales a través de la realización de experimentos, utilizando los colores y desarrollando una ambientación metodológica como guía del proceso. La propuesta se ha realizado en centro público, en un aula de 4 años de Educación Infantil, con un total de 17 niños y niñas. En definitiva, se muestra la importancia de integrar las actividades experimentales en Educación Infantil debido a los beneficios que surgen en la formación integral del alumnado.</subfield>
</datafield>
<datafield tag="024" ind2=" " ind1="8">
<subfield code="a">https://uvadoc.uva.es/handle/10324/57710</subfield>
</datafield>
<datafield ind1=" " ind2=" " tag="653">
<subfield code="a">Aprendizaje basado en proyectos</subfield>
</datafield>
<datafield ind1=" " ind2=" " tag="653">
<subfield code="a">actividades experimentales</subfield>
</datafield>
<datafield tag="245" ind1="0" ind2="0">
<subfield code="a">Ciencia de colores. Una propuesta de experimentación en educación infantil</subfield>
</datafield>
</record></metadata></record></GetRecord></OAI-PMH>